| 000 | 00957nam a2200241 a 4500 | ||
|---|---|---|---|
| 005 | 20161128170246.0 | ||
| 008 | 161128s2003 bo a||||r|||| 00| 0 spa d | ||
| 020 | _a9990581800 | ||
| 040 |
_aCO-BoIAVH _cCO-BoIAVH |
||
| 041 | 0 | _aspa | |
| 044 | _ack | ||
| 082 | 0 | 4 |
_a590.723 _bR11m |
| 100 | 1 |
_aRabinowitz, Alan, _d1953- _eautor |
|
| 245 | 1 | 0 |
_aManual de capacitación para la investigación de campo y la conservación de la vida silvestre / _cAlan Rabinowitz |
| 260 |
_aBolivia : _bWildlife Conservation Society, _c2003. |
||
| 300 |
_a310 páginas : _bilustraciones ; _c21 x 16 cm. |
||
| 504 | _aIncluye referencias bibliográficas: páginas 257-261. | ||
| 650 | 2 | 6 |
_aConservación de la diversidad biológica _xInvestigación _vManuales |
| 650 | 2 | 6 |
_aFauna _xInvestigación _vManuales |
| 650 | 2 | 6 |
_aInvestigación _xTécnicas _vManuales |
| 650 | 2 | 6 |
_aZonas protegidas _xInvestigación _vManuales |
| 942 |
_2ddc _cLIBRO |
||
| 999 |
_c19160 _d19160 |
||